Distancia mía: poemas desde algún viaje
I tiakina i:
| Kaituhi matua: | |
|---|---|
| Hōputu: | Pukapuka |
| Reo: | Pāniora |
| I whakaputaina: |
Santiago
Ediciones UC
2017
|
| Putanga: | 1a. ed |
| Ngā marau: | |
| Ngā Tūtohu: |
Tāpirihia he Tūtohu
Kāore He Tūtohu, Me noho koe te mea tuatahi ki te tūtohu i tēnei pūkete!
|
MARC
| LEADER | 00000cam a2200000 a 4500 | ||
|---|---|---|---|
| 001 | UCD9983 | ||
| 003 | CL-VaPUC | ||
| 008 | 170713e20170000cl |||||||||||||||||spa|d | ||
| 020 | |a 9789561420212 | ||
| 082 | 0 | 4 | |a Ch861 |b ALL |2 21 |
| 100 | 0 | |a Alliende Luco, Joaquín |e author |9 593935 | |
| 245 | 1 | 0 | |a Distancia mía: poemas desde algún viaje |
| 250 | |a 1a. ed | ||
| 300 | |a 143 p | ||
| 942 | |c BK | ||
| 945 | |d 20170713 16:08:00 |a dcastane | ||
| 260 | |a Santiago |b Ediciones UC |c 2017 | ||
| 650 | 0 | |a Poesías chilenas |9 265280 | |
| 650 | 0 | |a Literatura chilena |9 308278 | |
| 650 | 7 | |a POESIAS RELIGIOSAS |2 CL-VaPUC |9 337453 | |
| 583 | |a last modification |c 20170713 16:08:00 |k Rodrigo Vera | ||
| 999 | |c 368985 |d 368983 | ||
| 952 | |0 0 |1 0 |3 erb |4 0 |6 CH_861_000000000000000_ALL_2017 |7 0 |8 X |9 484495 |a FDOBUD |b FDOBUD |i 5407508 |o Ch861 ALL 2017 |p 5407508 |r 2019-11-24 |w 2019-11-24 |y BK_X |z Catalogado en:20170713 |k BUD | ||